000 00607nam a2200217Ia 4500
003 OSt
005 20230425154805.0
008 210423s2014 xx 000 0 und d
020 _a978-81-8342-310-6
040 _cAL
041 _aeng
082 _a820.954
_223
_bJHAI
100 _aJHA (Arvind Kumar);NAIK (Ram Kumar)
_992960
245 _aIndian diasporic literature in English
260 _aNew Delhi
_bCrescent Publishing Co
_c2014
300 _a262
_bHB
365 _b1080
_cINR
650 _aEnglish Literature
_992961
906 _adiasporic ; english ; Indian ; literature
942 _2ddc
_cBK
999 _c170326
_d170326